Beneficiencia y sanidad en la Provincia de Cádiz Fondos documentales de Hospitales en el Archivo Histórico Nacional Fondos documentales de Hospitales en el Archivo Histórico Nacional

por Rivas Fernández, Manuel

ISBN: 9788413120201
Publicado: Cádiz : Diputación de Cádiz , 2019
Descripción Física: 272 p. 21 cm.
Idioma: Catalán

MARC

LEADER 00000nam a22000007a 4500
001 25235
003 BGR
005 20260324180728.0
008 220404b spa||||| |||| 00| 0 cat d
017 |a CA 305-2019 
020 |a 9788413120201 
100 |9 52629  |a Rivas Fernández, Manuel 
245 |a Beneficiencia y sanidad en la Provincia de Cádiz  |b Fondos documentales de Hospitales en el Archivo Histórico Nacional 
260 |a Cádiz :  |b Diputación de Cádiz  |c 2019 
300 |a 272 p.  |c 21 cm. 
650 0 |a Beneficència  |z Cádiz 
650 0 |9 27583  |a Archivo Histórico Nacional (Espanya)  |x Catàlegs 
942 |c ARXIU  |2 udc  |n 1 
952 |0 0  |1 0  |4 0  |6 BIB497  |7 1  |9 61216  |a Arxiu  |b Arxiu  |d 2022-04-04  |l 0  |o Bib-497  |p 25235  |r 2022-04-04 00:00:00  |w 2022-04-04  |y ARXIU 
999 |c 81251  |d 81251